000
00303nam a2200133Ia 4500
100
_a
Haigh/Andrew
942
_c
BK
654
_a
object oriented
245
_a
Object Oriented Analysis & design
260
_b
Tata Mc Graw hill Ltd.
_c
2001
082
_a
5.11
_b
HAI
300
_a
477
546
_a
ENGLISH
999
_c
28541
_d
28541